000 00420pab a2200169 454500
008 180718b2013 xxu||||| |||| 00| 0 eng d
100 _aDhawan, Rani
245 _aHigher education: Quality assurance and quality enhancement
260 _c2013
300 _ap.1-5,14.
362 _aApr
650 _aEducational quality
650 _aHigher education
773 _aUniversity News
908 _aN
909 _a99329
999 _c99328
_d99328